Concepts of leisure (Record no. 770299)

MARC details
000 -LEADER
fixed length control field 00615nam a2200229Ia 4500
003 - CONTROL NUMBER IDENTIFIER
control field OSt
005 - DATE AND TIME OF LATEST TRANSACTION
control field 20220928122230.0
008 - FIXED-LENGTH DATA ELEMENTS--GENERAL INFORMATION
fixed length control field 220927b |||||||| |||| 00| 0 eng d
037 ## - SOURCE OF ACQUISITION
Terms of availability Textual
040 ## - CATALOGING SOURCE
Original cataloging agency SDCL
Transcribing agency SDCL
Language of cataloging eng
041 ## - LANGUAGE CODE
Source of code eng
Language code of text/sound track or separate title eng
100 ## - MAIN ENTRY--PERSONAL NAME
Personal name Murphy James F
9 (RLIN) 456727
245 #0 - TITLE STATEMENT
Title Concepts of leisure
Remainder of title Philosophical implications
260 ## - PUBLICATION, DISTRIBUTION, ETC.
Place of publication, distribution, etc. New Jersey
Name of publisher, distributor, etc. Prentice Hall
Date of publication, distribution, etc. 1974
300 ## - PHYSICAL DESCRIPTION
Extent xiv,267p
Dimensions cm.
942 ## - ADDED ENTRY ELEMENTS (KOHA)
Classification part Y46, L4
Koha item type Textual
Source of classification or shelving scheme Colon Classification (CC)
Holdings
Withdrawn status Lost status Damaged status Not for loan Home library Current library Date acquired Total Checkouts Full call number Barcode Date last seen Price effective from Koha item type
        South Campus Library South Campus Library 2022-09-28   Y46 L4 SC0455689 2022-09-28 2022-09-28 Textual
Copyright @ Delhi University Library System